| 000 | 00630 a2200253 4500 | ||
|---|---|---|---|
| 001 | 106446 | ||
| 020 | _a9781405210935 (pbk.) | ||
| 020 | _a9781405271974 | ||
| 041 | _aeng | ||
| 082 | _a[E] | ||
| 100 | _aTomlinson, Jill. | ||
| 250 | _a. ed. | ||
| 300 | _a98 p. | ||
| 697 | _aOwls - Fiction. | ||
| 697 | _aFear of the dark | ||
| 697 | _aFear of the dark - Fiction. | ||
| 697 | _aOwls | ||
| 856 | _u00000e/00000ecd.jpg | ||
| 040 |
_aBR-BrIDEA _cBR-BrIDEA |
||
| 090 |
_aAP Nursery [E] _bTOM |
||
| 245 | 1 | 0 |
_aThe owl who was afraid of the dark _c Jill Tomlinson |
| 260 |
_aLondon _bEgmont Books _c2004 |
||
| 942 | _cBK | ||
| 999 |
_c106446 _d106446 |
||